000 00659nam a2200217 i 4500
001 149278
003 ES-MaACL
005 20250911063556.0
007 t|
008 071019s1948 sp |||| | spa d
080 _a792(460.27 M.)(09)
100 1 _aVelasco Zazo, Antonio,
_d1884-1969
_9113782
245 1 4 _aLos teatros /
_cAntonio Velasco Zazo.
260 _aMadrid :
_bVictoriano Suárez,
_c1948 (
_fTall. Tip. "Af")
300 _a203 p. ;
_c19 cm.
490 1 _aPanorama de Madrid ;
_v[7]
650 0 7 _aTeatros-
_zMadrid
_2
_9161426
830 0 _aPanorama de Madrid ;
_v[7]
_9187549
852 _aES-MaACL
_jD-5747
999 _c149278
_d149278